| Tag |
First Indicator |
Second Indicator |
Subfields |
| LEADER |
00000cam a2200000Ia 4500 |
| 001 |
in00002000554 |
| 005 |
20220105141709.0 |
| 006 |
m d |
| 007 |
cr cnu---unuuu |
| 008 |
040319s2004 enk s 000 0 eng d |
| 020 |
|
|
|a 1417500697 (electronic bk.)
|
| 035 |
|
|
|a (OCoLC)ocm54771809
|
| 040 |
|
|
|a N$T
|c N$T
|d UtOrBLW
|
| 049 |
|
|
|a IKMN
|
| 050 |
1 |
4 |
|a BF724
|b .N53 2004eb
|
| 082 |
0 |
4 |
|a 305.235
|2 22
|
| 100 |
1 |
|
|a Nicholson, Doula.
|
| 245 |
1 |
0 |
|a Adolescent problems :
|b a practical guide for parents, teachers and counsellors /
|c Doula Nicolson and Harry Ayers.
|
| 250 |
|
|
|a Rev. ed.
|
| 264 |
|
1 |
|a London :
|b David Fulton,
|c 2004.
|
| 300 |
|
|
|a 1 volume
|
| 336 |
|
|
|a text
|b txt
|2 rdacontent
|
| 337 |
|
|
|a computer
|b c
|2 rdamedia
|
| 338 |
|
|
|a online resource
|b cr
|2 rdacarrier
|
| 500 |
|
|
|a Previous edition: 1997.
|
| 533 |
|
|
|a Electronic reproduction.
|b Boulder, Colo. :
|c NetLibrary,
|d 2004.
|n Available via World Wide Web.
|n Access may be limited to NetLibrary affiliated libraries.
|
| 500 |
|
|
|a Electronic resource.
|
| 650 |
|
0 |
|a Teenagers.
|0 http://id.loc.gov/authorities/subjects/sh87006824
|
| 650 |
|
0 |
|a Adolescent psychology.
|0 http://id.loc.gov/authorities/subjects/sh85000969
|
| 655 |
|
7 |
|a Electronic books.
|2 local
|
| 700 |
1 |
|
|a Ayers, Harry.
|0 http://id.loc.gov/authorities/names/n94090586
|
| 710 |
2 |
|
|a NetLibrary, Inc.
|0 http://id.loc.gov/authorities/names/no99080690
|
| 776 |
1 |
|
|c Original
|z 1843121409
|w (OCoLC)53241642
|
| 856 |
4 |
1 |
|u https://proxy.library.tamu.edu/login?url=http://www.netLibrary.com/urlapi.asp?action=summary&v=1&bookid=104640
|z Connect to the full text of this electronic book
|t 0
|
| 994 |
|
|
|a 92
|b IKM
|
| 999 |
|
|
|a MARS
|
| 999 |
f |
f |
|s 16942614-31f0-3986-be63-9115bb300a98
|i 01a387a6-0a96-3c52-a003-fcce98d9c58b
|t 0
|
| 952 |
f |
f |
|a Texas A&M University
|b College Station
|c Electronic Resources
|d Available Online
|t 0
|e BF724 .N53 2004eb
|h Library of Congress classification
|
| 998 |
f |
f |
|a BF724 .N53 2004eb
|t 0
|l Available Online
|